[Event "14th Chigorin Mem"]
[Site "St-Petersburg RUS"]
[Date "2006.10.30"]
[Round "9"]
[White "Reshetnikov,A"]
[Black "Lutsko,I"]
[Result "1-0"]
[WhiteElo "2365"]
[BlackElo "2489"]

1.e4 c5 2.Nf3 e6 3.d4 cxd4 4.Nxd4 Nc6 5.Nc3 Qc7 6.Be3 Nf6 7.Be2 a6 8.O-O b5
9.Nxc6 dxc6 10.f4 b4 11.Na4 c5 12.c3 bxc3 13.Nxc3 Bb7 14.e5 Nd5 15.Nxd5 Bxd5
16.Bf3 Qc6 17.Bxd5 exd5 18.Qg4 h5 19.Qf3 Rd8 20.f5 Qc7 21.Bg5 Be7 22.f6 gxf6
23.Bxf6 Rg8 24.Qxh5 Rg6 25.Rae1 Qb6 26.Bxe7 Kxe7 27.e6  1-0

[Event "14th Chigorin Mem"]
[Site "St-Petersburg RUS"]
[Date "2006.10.30"]
[Round "9"]
[White "Savchenko,B"]
[Black "Bocharov,D"]
[Result "0-1"]
[WhiteElo "2551"]
[BlackElo "2577"]

1.e4 c5 2.Nf3 Nc6 3.Nc3 e6 4.d4 cxd4 5.Nxd4 Qc7 6.Be3 a6 7.Bd3 Nf6 8.O-O Ne5
9.Nf3 Nfg4 10.Bf4 Bd6 11.Nxe5 Nxe5 12.Kh1 b6 13.Be2 O-O 14.Qd4 f6 15.Rad1 Bc5
16.Qd2 b5 17.Be3 Bxe3 18.Qxe3 Bb7 19.f4 Nf7 20.a3 Rfd8 21.Qh3 Nd6 22.Bd3 e5
23.Qh4 Re8 24.Rf3 Qc5 25.Rh3 h6 26.Qg4 Kh8 27.Qg6 Re7 28.Rf1 Rf8 29.fxe5 Qxe5
30.Rh5 f5 31.exf5 Rf6 32.Qg4 Ref7 33.Qg3 Qe8 34.h3 Re7 35.Rh4 Re3 36.Qf4 Rxd3
37.cxd3 Nxf5 38.Rg1 Ne3 39.Qd4 Nf5 40.Qf2 Nxh4 41.Qxh4 Qf8 42.Qg3 b4 43.Ne4 Re6
44.axb4 Qxb4 45.Qc7 Bc6 46.b3 Kh7 47.Qf4 Bxe4 48.dxe4 Qxb3 49.Qf5+ Kg8 50.Rc1 Qb7
51.Rd1 Re7 52.Qd5+ Qxd5 53.Rxd5 Kf7 54.Rd6 Ke8 55.Rxa6 Rxe4 56.Kg1 Re6 57.Ra7 Rf6
58.g4 Ke7 59.Kg2 g5 60.h4 gxh4 61.Kh3 Ke6 62.Kxh4 d5 63.g5 hxg5+ 64.Kxg5 Rf1
65.Kg4 Ke5 66.Kg3 d4 67.Re7+ Kd5 68.Rd7+ Ke4 69.Re7+ Kd3 70.Ra7 Ke3  0-1

[Event "14th Chigorin Mem B"]
[Site "St-Petersburg RUS"]
[Date "2006.10.30"]
[Round "9"]
[White "Osipova,P"]
[Black "Kuznetsov,G"]
[Result "0-1"]
[WhiteElo "1779"]
[BlackElo "2131"]

1.e4 c5 2.Nf3 e6 3.d4 cxd4 4.Nxd4 Nc6 5.Nc3 Nf6 6.Ndb5 Bb4 7.a3 Bxc3+ 8.Nxc3 d5
9.exd5 exd5 10.Bd3 h6 11.O-O O-O 12.Bf4 Bg4 13.Qd2 Re8 14.Rfe1 Qd7 15.f3 Bf5
16.Rad1 Rad8 17.Bg3 d4 18.Ne2 Bxd3 19.Qxd3 Re6 20.Rd2 Re3 21.Qc4 Qe7 22.Kf1 Ne5
23.Bxe5 Qxe5 24.Rxd4 Re8 25.Rh4 b5 26.f4 Qxb2 27.Qb4 Qxb4 28.axb4 Nd5 29.Rd1 Rxe2
30.Rxd5 Rxc2 31.Rxb5 Rd8 32.Ke1 Rxg2 33.Ra5 Rdd2 34.h3 Rb2 35.Kf1 Rgc2 36.Ra1 Rxb4
37.Kg1 a5 38.Rg4 a4 39.f5 Rxg4+ 40.hxg4 Rc4 41.Kf2 Rxg4 42.Ra3 Rf4+ 43.Kg3 Rxf5
44.Rxa4 h5  0-1

[Event "KO"]
[Site "Cap d'Agde FRA"]
[Date "2006.10.31"]
[Round "1.6"]
[White "Harikrishna,P"]
[Black "Volokitin,And"]
[Result "1-0"]
[WhiteElo "2674"]
[BlackElo "2645"]

1.e4 c5 2.Nf3 e6 3.d4 cxd4 4.Nxd4 Nc6 5.Nc3 a6 6.Nxc6 bxc6 7.Bd3 d5 8.O-O Qc7
9.b3 Nf6 10.Bb2 Bd6 11.f4 Bxf4 12.h3 Be5 13.Kh1 dxe4 14.Bc4 Bb7 15.Qe1 c5
16.Rd1 Nh5 17.Nb5 Ng3+ 18.Kg1 axb5 19.Bxb5+ Kf8 20.Rd7 Nxf1 21.Rxc7 Bxc7
22.Qc3 f6 23.Qxc5+ Kg8 24.Qxc7 Bd5 25.Kxf1 h5 26.c4  1-0

[Event "Femida w"]
[Site "Kharkiv UKR"]
[Date "2006.10.31"]
[Round "1"]
[White "Vozovic,O"]
[Black "Borisova,E"]
[Result "1/2-1/2"]
[WhiteElo "2352"]
[BlackElo "2182"]

1.e4 c5 2.Nf3 e6 3.d4 cxd4 4.Nxd4 Nc6 5.Nc3 Qc7 6.Be2 a6 7.O-O Nf6 8.Be3 b5
9.f4 b4 10.Na4 Bb7 11.Bf3 Rc8 12.Nb3 d6 13.Nb6 Rb8 14.Nc4 Be7 15.Bb6 Qd7
16.Qe2 O-O 17.Rad1 Ba8 18.Kh1 Ne8 19.Rd2 Qc8 20.Rfd1 Nd8 21.Bxd8 Bxd8 22.Nxd6 Nxd6
23.Rxd6 Bc7 24.R6d4 Bxf4 25.e5 Bxf3 26.gxf3 Bh6 27.Rc4 Qb7 28.Nc5 Qb5 29.b3  1/2-1/2

[Event "Petersburg Autumn"]
[Site "St Petersburg RUS"]
[Date "2006.10.31"]
[Round "1"]
[White "Listmangof,M"]
[Black "Urjubdshzirov,E"]
[Result "0-1"]
[WhiteElo "2007"]
[BlackElo "2197"]

1.e4 c5 2.Nf3 e6 3.d4 cxd4 4.Nxd4 Nc6 5.Nc3 Qc7 6.Be3 a6 7.Bd3 b5 8.Nxc6 Qxc6
9.a3 Bb7 10.O-O Nf6 11.Qe2 h5 12.f4 Ng4 13.Bd2 Bc5+ 14.Kh1 Qb6 15.Nd1 d5
16.b4 Bd4 17.c3 dxe4 18.Bxe4 Bf6 19.Bxb7 Qxb7 20.a4 Rd8 21.axb5 axb5 22.Be3 Nxe3
23.Qxe3 O-O 24.Nf2 g6 25.Ne4 Bg7 26.Rfd1 Qc6 27.h3 Qc4 28.Rac1 Rd5 29.Rxd5 Qxd5
30.Ra1 Rd8 31.Ng5 Qc4 32.Qa7 Qxf4 33.Qe7 Rf8 34.Qc5 e5 35.Nf3 e4 36.Nh2 Qe5
37.Qxe5 Bxe5 38.Ra5 Bxc3 39.Kg1 Rb8 40.Kf1 Bxb4 41.Ra6 Bc3 42.Ra3 b4 43.Rb3 f5
44.Ke2 f4 45.Nf1 Rd8 46.Rb1 g5 47.g3 h4 48.gxf4 gxf4 49.Rb3 Rd3 50.Rb1 f3+
51.Kf2 Bd4+ 52.Ke1 e3  0-1

[Event "Petersburg Autumn"]
[Site "St Petersburg RUS"]
[Date "2006.11.02"]
[Round "3"]
[White "Kondratiev,D"]
[Black "Urjubdshzirov,E"]
[Result "0-1"]
[WhiteElo "2069"]
[BlackElo "2197"]

1.e4 c5 2.Nf3 e6 3.d4 cxd4 4.Nxd4 Nc6 5.Nc3 Qc7 6.Ndb5 Qb8 7.Be2 a6 8.Nd4 Nf6
9.g4 Bb4 10.Nxc6 bxc6 11.Qd3 d5 12.exd5 cxd5 13.g5 Ne4 14.O-O Bd6 15.f4 Bb7
16.Nxe4 dxe4 17.Qh3 Bc5+ 18.Be3 Qa7 19.Kf2 O-O 20.b4 Bb6 21.c4 Bc6 22.a4 Qb8
23.c5 Bc7 24.b5 Bd5 25.Qg3 f5 26.b6 Bd8 27.Bd4 Be7 28.Rfc1 Rc8 29.h4 Qb7
30.h5 e5 31.Be3 Rc6 32.h6 g6 33.fxe5 f4 34.Bxf4 Bxc5+ 35.Be3 Bxb6 36.Rd1 Rc2
37.Rac1 Rf8+ 38.Ke1 Ba5+ 39.Bd2 Bxd2+  0-1

[Event "TCh-AUT 2006-7"]
[Site "Graz AUT"]
[Date "2006.11.03"]
[Round "1"]
[White "Baramidze,D"]
[Black "Ribli,Z"]
[Result "1/2-1/2"]
[WhiteElo "2585"]
[BlackElo "2584"]

1.e4 c5 2.Nf3 e6 3.d4 cxd4 4.Nxd4 Nc6 5.Nc3 Qc7 6.Be3 a6 7.Be2 Nf6 8.a3 b5
9.Nxc6 dxc6 10.O-O Bb7 11.f4 Be7 12.e5 Rd8 13.Qe1 Nd7 14.Qg3 O-O 15.Rae1 c5
16.Bf3 Bxf3 17.Rxf3 Qc6 18.f5 exf5 19.Rxf5 b4 20.Ne2 bxa3 21.bxa3 Nb6 22.Bg5 Bxg5
23.Rxg5 g6 24.Nf4 Nd5 25.e6 Nxf4 26.e7 Ne2+ 27.Rxe2 Rd1+ 28.Re1 Rxe1+ 29.Qxe1 Re8
30.Re5 f6 31.Re4 Kf7  1/2-1/2

[Event "TCh-ESP Final"]
[Site "Lugo ESP"]
[Date "2006.11.03"]
[Round "1"]
[White "Karjakin,Sergey"]
[Black "Movsesian,S"]
[Result "1-0"]
[WhiteElo "2672"]
[BlackElo "2637"]

1.e4 c5 2.Nf3 e6 3.d4 cxd4 4.Nxd4 Nc6 5.Nc3 Qc7 6.Be3 a6 7.Qd2 Nf6 8.O-O-O Bb4
9.f3 Ne5 10.Nb3 b5 11.Qe1 Be7 12.f4 Ng6 13.e5 Ng4 14.Ne4 O-O 15.Bc5 Bxc5
16.Nexc5 f6 17.Qg3 Nh6 18.Bd3 fxe5 19.Bxg6 hxg6 20.fxe5 a5 21.Ne4 Nf5 22.Qxg6 Qxe5
23.Nbc5 Ra7 24.Rhf1 d6 25.Kb1 Re7 26.Rf3 Nh4 27.Rxf8+ Kxf8 28.Qh7 g5 29.Qh6+ Qg7
30.Qxg7+ Rxg7 31.Rxd6 Rc7 32.Nxe6+ Bxe6 33.Rxe6 g4 34.Rf6+ Ke7 35.Rf2 Rc6
36.b3 Re6 37.Rf4 Nxg2 38.Rxg4 Ne3 39.Rh4 Rc6 40.c3 Rg6 41.Ng3 Kd7 42.Kc1 Ng4
43.Rh7+ Kc6 44.Nf5 Rf6 45.Nd4+ Kb6 46.h3 Rf1+ 47.Kd2 Rf2+ 48.Ke1 Rh2 49.Nf3 Rh1+
50.Ke2 Nh2 51.Rh6+ Kb7 52.Nd2 Ng4 53.Rh7+ Kb6 54.Nf3 Nh2 55.Nd4 Ra1 56.Rh6+ Kb7
57.Nxb5 Rxa2+ 58.Kd3 Rg2 59.Nd6+ Kc7 60.Ne4 Nf3 61.Rh5 Ra2 62.Rf5 Ne1+ 63.Kc4 a4
64.Rf7+ Kb6 65.bxa4 Rxa4+ 66.Kd5 Ra5+ 67.Kd4 Ra4+ 68.Ke3 Ng2+ 69.Kf2 Ra2+
70.Kg3 Ne3 71.h4 Ra5 72.Kh3 Kc6 73.Rf3 Nc4 74.Rd3 Ne5 75.Rd6+ Kc7 76.Kg3 Ra4
77.Rd4 Ra5 78.Nf6 Rc5 79.Ne4 Ra5 80.Rd1 Nf7 81.Kf4 Nh6 82.Ng3 Rc5 83.Rd3 Ra5
84.Rd4 Rc5 85.c4 Kc6 86.Re4 Kd6 87.Ke3 Rc8 88.Rd4+ Ke6 89.Kd3 Ra8 90.Re4+ Kd6
91.Kd4 Rg8 92.c5+ Kd7 93.Nh5 Rf8 94.Kd5 Rf5+ 95.Re5 Rf1 96.c6+ Kd8 97.Ng7 Rd1+
98.Kc5 Rc1+ 99.Kb6 Rb1+ 100.Rb5 Rc1 101.Kb7 Nf7 102.Rd5+ Ke7 103.Rd7+ Kf6
104.Ne8+ Ke6 105.Nc7+ Kf6 106.Nd5+ Ke6 107.Nf4+ Kf6 108.c7 Rb1+ 109.Kc8 Rf1
110.Nd3 Ke6 111.Rxf7 Rxf7 112.Kb8 Rf8+ 113.c8=Q+ Rxc8+ 114.Kxc8 Kf5 115.Ne1  1-0

[Event "VII Rapid"]
[Site "El Sauzal ESP"]
[Date "2006.11.04"]
[Round "2"]
[White "Rodriguez Falcon,J"]
[Black "Lalic,B"]
[Result "0-1"]
[WhiteElo "2014"]
[BlackElo "2491"]

1.e4 c5 2.Nf3 e6 3.d4 cxd4 4.Nxd4 Nc6 5.Nc3 a6 6.Be2 Nge7 7.Nf3 Ng6 8.O-O Be7
9.Be3 b5 10.a3 O-O 11.Qe1 Qc7 12.Nd4 Nxd4 13.Bxd4 Bb7 14.f4 Nxf4 15.Bxb5 axb5
16.Qg3 e5 17.Nxb5 Ne2+  0-1

[Event "TCh-AUT 2006-7"]
[Site "Graz AUT"]
[Date "2006.11.04"]
[Round "2"]
[White "Sprenger,J"]
[Black "Rotstein,A"]
[Result "1-0"]
[WhiteElo "2525"]
[BlackElo "2539"]

1.e4 c5 2.Nf3 e6 3.d4 cxd4 4.Nxd4 Nc6 5.Nc3 a6 6.Be3 d6 7.Qd2 Bd7 8.O-O-O Rc8
9.Kb1 b5 10.Nxc6 Bxc6 11.f3 Nf6 12.g4 Be7 13.g5 Nd7 14.h4 b4 15.Ne2 Ne5 16.Bg2 Nc4
17.Qd4 Ba4 18.Qxg7 Nxe3 19.Qxh8+ Kd7 20.Qxd8+ Bxd8 21.b3 Bb5 22.Nf4 Rxc2
23.Bf1 Rf2 24.Bxb5+ axb5 25.Rc1 Rxf3 26.Nd3 Ba5 27.Rh2 Ng4 28.Rd2 Bb6 29.Rcd1 Ke8
30.Nxb4 Nf2 31.Re1 Ba5 32.a3 Rxb3+ 33.Ka2 Rxb4 34.Rxf2 Rc4 35.Ref1 Rxe4 36.Rxf7 Rxh4
37.Rb7 Bd8 38.Rxb5 Rg4 39.Rb7 Rxg5 40.Rxh7 Rg2+ 41.Kb3 d5 42.Rff7 Rh2 43.a4 Rxh7
44.Rxh7 Ba5 45.Ra7 Bb6 46.Rb7 Ba5 47.Rb5 Bd2 48.a5 Kd8 49.a6 Be3 50.Rb7 Kc8
51.Ka4 d4 52.Kb5  1-0

[Event "Venetian Autumn"]
[Site "Venice ITA"]
[Date "2006.11.04"]
[Round "3"]
[White "Genocchio,D"]
[Black "Gallo,E"]
[Result "1-0"]
[WhiteElo "2338"]
[BlackElo "2061"]

1.e4 c5 2.Nf3 e6 3.d4 cxd4 4.Nxd4 Nc6 5.Nc3 a6 6.g3 Bb4 7.Bg2 Nge7 8.O-O O-O
9.Nde2 Bc5 10.a4 Qb6 11.a5 Qc7 12.Na4 Ba7 13.Nb6 Bxb6 14.axb6 Qxb6 15.Qd6 Qb4
16.Rd1 Qxd6 17.Rxd6 b5 18.Be3 Ne5 19.b3 f6 20.Bc5 Re8 21.Rb6 N5c6 22.Rxb5 axb5
23.Rxa8 Kf7 24.f4 Ng6 25.Nc3 b4 26.Nb5  1-0

[Event "10th OIBM"]
[Site "Bad Wiessee GER"]
[Date "2006.11.05"]
[Round "2"]
[White "Scheckenbach,F"]
[Black "Al Modiahki,M"]
[Result "0-1"]
[WhiteElo "2187"]
[BlackElo "2550"]

1.e4 c5 2.Nf3 e6 3.d4 cxd4 4.Nxd4 Nc6 5.Nc3 Qc7 6.Be3 a6 7.Bd3 Nf6 8.O-O Ne5
9.h3 Bc5 10.Kh1 d6 11.f4 Ng6 12.Qd2 Bd7 13.Rae1 b5 14.a3 Qa7 15.Nb3 Nh5 16.Nxc5 Ng3+
17.Kg1 Nxf1 18.Rxf1 dxc5 19.b4 Rc8 20.e5 O-O 21.Ne4 Qa8 22.Nxc5 Bc6 23.Qe2 Rcd8
24.Qg4 Ne7 25.Qg5 Rfe8 26.Kh2 a5 27.Qh5 Rxd3 28.Nxd3 Nf5 29.Qe2 Bxg2 30.Rg1 Bd5
31.Bc5 axb4 32.axb4 Rd8 33.Ne1 Bc6 34.Qf2 Qa3 35.Ng2 Rd2  0-1

[Event "10th OIBM"]
[Site "Bad Wiessee GER"]
[Date "2006.11.05"]
[Round "2"]
[White "Ranft,S"]
[Black "Epishin,V"]
[Result "0-1"]
[WhiteElo "2183"]
[BlackElo "2527"]

1.e4 c5 2.Nf3 e6 3.d4 cxd4 4.Nxd4 Nc6 5.Nc3 Qc7 6.Be3 a6 7.Bd3 Nf6 8.O-O Ne5
9.h3 Bc5 10.Qe2 d6 11.Nb3 Bxe3 12.Qxe3 b5 13.Rfd1 O-O 14.Rac1 Rb8 15.Nd2 Bb7
16.a4 b4 17.Ne2 d5 18.exd5 Nxd5 19.Qg3 f5 20.Nf4 Nxf4 21.Qxf4 Nf3+  0-1

[Event "10th Corsica Masters KO"]
[Site "Bastia FRA"]
[Date "2006.11.05"]
[Round "1.4"]
[White "Kasimdzhanov,R"]
[Black "Tregubov,P"]
[Result "1/2-1/2"]
[WhiteElo "2672"]
[BlackElo "2596"]

1.e4 c5 2.Nf3 e6 3.d4 cxd4 4.Nxd4 Nc6 5.Nc3 a6 6.Be2 Qc7 7.O-O Nf6 8.Be3 Bb4
9.Na4 O-O 10.Nxc6 bxc6 11.Nb6 Rb8 12.Nxc8 Rfxc8 13.Bxa6 Rf8 14.Bd3 Bd6 15.g4 Bxh2+
16.Kg2 Bf4 17.g5 Bxe3 18.fxe3 Ne8 19.b3 Qe5 20.Qg4 f6 21.g6 h6 22.Qf4 Qc7
23.Qxc7 Nxc7 24.a4 Rfc8 25.a5 Kf8 26.e5 Ke7 27.exf6+ gxf6 28.Rh1 Rh8 29.Kf3 Kf8
30.a6 Kg7 31.Ra5 f5 32.a7 Rb7 33.Rha1 Ra8 34.e4 fxe4+ 35.Kxe4 d6 36.Ke3 Nd5+
37.Kd2 Nb4 38.Be4 d5 39.Bg2 c5 40.Rxc5 Raxa7 41.Rxa7 Rxa7 42.Bh3 Kf6 43.Kc3 Na6
44.Ra5 Rc7+ 45.Kb2 Nb4 46.c3 Nd3+ 47.Kc2 Nf4 48.Bf1 h5 49.Ra4 Nxg6 50.b4 d4
51.c4 Ne5 52.b5 Nd7 53.Rb4 Nc5 54.b6 Rc8 55.b7 Rb8 56.Rb5 Nxb7 57.Bg2 Rc8
58.Bxb7 Rxc4+ 59.Kd3 Rc3+ 60.Kxd4 Rh3 61.Be4 h4 62.Rh5 Rh2 63.Ke3  1/2-1/2

[Event "TCh-BEL 2006-7"]
[Site "Belgium BEL"]
[Date "2006.11.05"]
[Round "3"]
[White "Jens,J"]
[Black "Renette,H"]
[Result "1/2-1/2"]
[WhiteElo "2371"]
[BlackElo "2241"]

1.e4 c5 2.Nf3 e6 3.d4 cxd4 4.Nxd4 Nc6 5.Nc3 Qc7 6.Be3 a6 7.Qd2 Nf6 8.O-O-O b5
9.Bf4 e5 10.Nxc6 exf4 11.Nd4 Bb4 12.Bd3 Bb7 13.g3 O-O 14.Rhe1 Rfe8 15.f3 Bc5
16.Nf5 g6 17.gxf4 gxf5 18.Qg2+ Ng4 19.fxg4 Qxf4+ 20.Kb1 Qxg4 21.Qh1 Kh8 22.Nd5 Bxd5
23.exd5 d6 24.h3 Qg5 25.Qf3 f4 26.Re4 Be3 27.h4 Qh6 28.Rf1 Rxe4 29.Qxe4 Rg8
30.a4 bxa4 31.Qxa4 Rg1 32.Rxg1 Bxg1 33.Qxa6 Bc5 34.Qc8+ Kg7 35.Qg4+ Kf8 36.c3 Qf6
37.Qc8+ Kg7 38.Qg4+ Kf8 39.Qc8+ Kg7 40.Qg4+  1/2-1/2

[Event "British Rapidplay"]
[Site "Halifax ENG"]
[Date "2006.11.05"]
[Round "7"]
[White "Gormally,D"]
[Black "Hanley,C"]
[Result "1-0"]
[WhiteElo "2519"]
[BlackElo "2427"]

1.e4 c5 2.Nf3 e6 3.d4 cxd4 4.Nxd4 Nc6 5.Nc3 Qc7 6.Be3 a6 7.Bd3 Nf6 8.O-O Ne5
9.h3 Bc5 10.f4 d6 11.Qe2 Nc6 12.Nxc6 Bxe3+ 13.Qxe3 bxc6 14.e5 Nd7 15.exd6 Qxd6
16.Ne4 Qc7 17.f5 Qb6 18.Qxb6 Nxb6 19.f6 O-O 20.Rae1 a5 21.fxg7 Kxg7 22.Re3 Nd5
23.Rg3+ Kh8 24.c4 Nb4 25.Nf6 Nxd3 26.Rxd3 h6 27.Rg3 e5 28.Re1 c5 29.Rxe5 Ra6
30.Ne4 Re6 31.Rh5 Kh7 32.Ng5+  1-0

[Event "British Rapidplay"]
[Site "Halifax ENG"]
[Date "2006.11.05"]
[Round "10"]
[White "Eggleston,D"]
[Black "Hanley,C"]
[Result "0-1"]
[WhiteElo "2239"]
[BlackElo "2427"]

1.e4 c5 2.Nf3 e6 3.d4 cxd4 4.Nxd4 Nc6 5.Nc3 Qc7 6.Be3 a6 7.Bd3 Nf6 8.O-O Ne5
9.h3 Bc5 10.Qe2 d6 11.f4 Ng6 12.Nb3 Bxe3+ 13.Qxe3 O-O 14.Rad1 b5 15.e5 dxe5
16.Bxg6 hxg6 17.fxe5 Nd7 18.Rd6 b4 19.Ne2 a5 20.Ned4 Ra6 21.Nb5 Qb8 22.N3d4 Rxd6
23.Nxd6 Qb6 24.Kh1 Ba6 25.Re1 Bb7 26.Qf4 Bd5 27.b3 f6 28.Qd2 fxe5 29.N4b5 Rf2
30.Re2 Bxg2+ 31.Kh2 Rxe2 32.Qxe2 Bd5 33.Kg3 Qg1+ 34.Kh4 Nf6 35.Qxe5 g5+ 36.Qxg5 Qf2+
37.Qg3 g5+  0-1

[Event "Venetian Autumn"]
[Site "Venice ITA"]
[Date "2006.11.05"]
[Round "5"]
[White "You Zhi Chih,S"]
[Black "Gallo,E"]
[Result "1-0"]
[WhiteElo "1986"]
[BlackElo "2061"]

1.e4 c5 2.Nf3 e6 3.d4 cxd4 4.Nxd4 Nc6 5.Nc3 a6 6.Be3 Nf6 7.Bd3 Be7 8.O-O O-O
9.Kh1 d6 10.Qe2 Nxd4 11.Bxd4 b5 12.f3 Bb7 13.a4 b4 14.Na2 e5 15.Bf2 d5 16.exd5 Nxd5
17.Qxe5 Bf6 18.Qh5 g6 19.Qg4 Bxb2 20.Rab1 h5 21.Qg3 Qf6 22.Bc5 Be5 23.Qf2 Rfc8
24.Nxb4 Nc3 25.Rb3 a5 26.f4 Rxc5 27.Qxc5 Bd4 28.Qc7 Bxg2+ 29.Kxg2 axb4 30.Rxb4 Nd5
31.Qb7 Rd8 32.Rf3 Nxb4 33.Qxb4 Re8 34.a5 Bc3 35.Qb6 Qh4 36.h3 Qe1 37.a6 Qa1
38.Rf1 Qa4 39.Qb5 Qxb5 40.Bxb5 Re7 41.Bc6 Bd4 42.Bf3 Rc7 43.Be4 Kg7 44.Rb1 Ba7
45.Kf3 Kf6 46.Rb5 Ke6 47.f5+ Kf6 48.fxg6 fxg6 49.Rd5 Rg7 50.Rd6+ Kg5 51.c4 Rf7+
52.Ke2 Rf6 53.h4+  1-0

[Event "Petersburg Autumn"]
[Site "St Petersburg RUS"]
[Date "2006.11.06"]
[Round "7"]
[White "Frolochkin,V"]
[Black "Urjubdshzirov,E"]
[Result "0-1"]
[WhiteElo "2232"]
[BlackElo "2197"]

1.e4 c5 2.Nf3 e6 3.d4 cxd4 4.Nxd4 Nc6 5.Nc3 Qc7 6.g3 a6 7.Bg2 Nf6 8.O-O Nxd4
9.Qxd4 Bc5 10.Bf4 d6 11.Qd2 h6 12.Na4 e5 13.Nxc5 dxc5 14.Be3 Ng4 15.f4 b6
16.Bf3 Nxe3 17.Qxe3 Bb7 18.Rf2 O-O-O 19.fxe5 Kb8 20.e6 fxe6 21.e5 Bxf3 22.Rxf3 Rd5
23.Re1 Rhd8 24.Re2 Ka7 25.Kg2 Rd1 26.Ref2 Qb7 27.Kh3 R1d7 28.Rf8 g5 29.R8f6 Rg7
30.b4 g4+ 31.Kh4 Qe7 32.bxc5 bxc5 33.Qe4 Rc8 34.Rf4 h5 35.Qd3 Rd8 36.Qa3 Rd2  0-1

[Event "NWAPA Rector Cup"]
[Site "St Petersburg RUS"]
[Date "2006.11.06"]
[Round "8"]
[White "Lintchevski,D"]
[Black "Smirnov,Arte"]
[Result "0-1"]
[WhiteElo "2455"]
[BlackElo "2375"]

1.e4 c5 2.Nf3 Nc6 3.d4 cxd4 4.Nxd4 e6 5.Nc3 Qc7 6.Be2 a6 7.O-O Nf6 8.a3 Nxd4
9.Qxd4 Bd6 10.Kh1 Be5 11.Qd3 b6 12.Be3 Bb7 13.Bd4 Bxd4 14.Qxd4 e5 15.Qe3 O-O
16.Rad1 b5 17.Rd2 Bc6 18.Rfd1 Rfe8 19.Bf3 a5 20.g4 b4 21.Ne2 Qa7 22.Qxa7 Rxa7
23.Ng3 h6 24.axb4 axb4 25.Kg2 g6 26.h4 Ra2 27.c3 Rb8 28.c4 Kf8 29.Re1 Rba8
30.Bd1 Ra1 31.Kf1 Rc1 32.f3 Raa1 33.Ne2 Rcb1 34.b3 Ke7 35.Ng1 d6 36.Nh3 Nd7
37.Nf2 Nc5 38.Nd3 Nxd3 39.Rxd3 f6 40.Kf2 Bd7 41.Rd2 Rc1 42.Ke2 Be6 43.Rg1 Kd7
44.Rh1 Bf7 45.Rg1 Rc3 46.Rg2 Kc6 47.g5 fxg5 48.hxg5 h5 49.Rh2 Be6 50.Rh4 Kc5
51.Rh2 Ra8 52.Kf2 Rf8 53.Kg3 Rf4 54.Rh4 Rg4+ 55.Rxg4 hxg4 56.Rb2 Kd4 57.Rd2+ Kc5
58.Rb2 gxf3 59.Bxf3 Kd4 60.Kf2 Kd3 61.Rb1 Rc2+ 62.Kg3 Kc3 63.Rd1 Rd2 64.Rb1 Kc2
65.Rh1 Kxb3 66.Rh6 Bf7 67.Bg4 Kc3 68.Rh7 Bxc4 69.Bd7 b3 70.Be6 Rd4  0-1

[Event "TCh-ROM Divizia A Masculin"]
[Site "Predeal ROM"]
[Date "2006.11.08"]
[Round "5"]
[White "Ardelean,G"]
[Black "Ungureanu,V"]
[Result "1-0"]
[WhiteElo "2480"]
[BlackElo "2305"]

1.e4 c5 2.Nf3 e6 3.d4 cxd4 4.Nxd4 Nc6 5.Nc3 Qc7 6.Be2 a6 7.O-O Nf6 8.Kh1 Bb4
9.Qd3 b5 10.Nxc6 dxc6 11.f4 O-O 12.e5 Bxc3 13.Qxc3 Nd5 14.Qh3 c5 15.c4 bxc4
16.Bxc4 a5 17.Be3 Nxe3 18.Qxe3 Ba6 19.Rac1 Bxc4 20.Rxc4 Rac8 21.Rfc1 Rfd8
22.h3 Rd5 23.a3 h5 24.b4 axb4 25.axb4 Qd7 26.bxc5 Rd1+ 27.Kh2 Rxc1 28.Rxc1 Qd5
29.Qc3 Rc6 30.Qb4 g6 31.Rc2 Kg7 32.Qc4 Qd7 33.Qb5 Qd5 34.Qc4 Qd7 35.Qe4 Qc7
36.Qd4 Kh7 37.g4 hxg4 38.hxg4 Ra6 39.Qf2 Qd7 40.Rd2 Qb7 41.Qh4+ Kg7 42.Qf6+ Kh7
43.Rd3 Ra2+ 44.Kg3 Rg2+ 45.Kh4 Rh2+ 46.Kg5 Rh1 47.c6 Qa7 48.Qd8 Qf2 49.Kf6 Qxf4+
50.Ke7 Qxe5 51.c7 Rc1 52.Rh3+  1-0

[Event "Ataturk Festival Open"]
[Site "Adana TUR"]
[Date "2006.11.09"]
[Round "4"]
[White "Agasiyeva,F"]
[Black "Aroshidze,L"]
[Result "0-1"]
[WhiteElo "2066"]
[BlackElo "2522"]

1.e4 c5 2.Nf3 e6 3.d4 cxd4 4.Nxd4 Nc6 5.Nc3 Qc7 6.Be3 a6 7.a4 Nf6 8.Be2 Bb4
9.f3 O-O 10.O-O d6 11.Nb3 d5 12.Bd3 d4 13.Nxd4 Bc5 14.Rf2 Nxe4 15.fxe4 Ba7
16.Qd2 Qd8 17.Rd1 Qc7 18.Qe1 Rd8 19.e5 g6 20.Bf5 Bxd4 21.Bxe6 fxe6 22.g4  0-1

[Event "IV Final Russian Cup Women"]
[Site "Moscow RUS"]
[Date "2006.11.10"]
[Round "3"]
[White "Zdebskaja,N"]
[Black "Vasilevich,I"]
[Result "1-0"]
[WhiteElo "2343"]
[BlackElo "2321"]

1.e4 c5 2.Nf3 e6 3.d4 cxd4 4.Nxd4 Nc6 5.Nc3 d6 6.Be2 Nf6 7.O-O Be7 8.Be3 O-O
9.Kh1 e5 10.Nb3 a5 11.a4 Nb4 12.f4 Qc7 13.Rc1 Bd7 14.Bf3 Bc6 15.Rf2 b6 16.Rd2 Qb7
17.Qg1 Rab8 18.Re1 Rfe8 19.fxe5 dxe5 20.Bg5 Rbd8 21.Rde2 h6 22.Be3 Rb8 23.Qf2 Nh7
24.h4 Bf6 25.Rf1 Qe7 26.g3 Qe6 27.Bxb6 Nxc2 28.Nxa5 Nb4 29.Nxc6 Qxc6 30.a5 Bd8
31.Bxd8 Rexd8 32.Nd5 Qe6 33.Bg2 Nd3 34.Qa7 Nf6 35.Nxf6+ gxf6 36.Qe3 Kg7 37.Kh2 Rxb2
38.Rxb2 Nxb2 39.Qe2 Nc4 40.Bh3 Qc6 41.Qg4+ Kf8 42.Rf2 Rd2 43.Rxd2 Nxd2 44.Qc8+ Qxc8
45.Bxc8 Nf3+ 46.Kh3 Nd4 47.Bd7 Ke7 48.a6  1-0

[Event "10th OIBM"]
[Site "Bad Wiessee GER"]
[Date "2006.11.11"]
[Round "8"]
[White "Van der Weide,K"]
[Black "Sokolov,And1"]
[Result "0-1"]
[WhiteElo "2463"]
[BlackElo "2572"]

1.e4 c5 2.Nf3 e6 3.d4 cxd4 4.Nxd4 Nc6 5.Nc3 d6 6.g4 Nge7 7.Be3 a6 8.Nb3 b5
9.Qd2 Bb7 10.O-O-O Ne5 11.Be2 b4 12.Na4 Bxe4 13.f4 Bxh1 14.fxe5 Bc6 15.Nb6 Nd5
16.Bf3 Rc8 17.Nxc8 Qxc8 18.Na5 dxe5 19.Nxc6 Qxc6 20.Bxd5 exd5 21.Qxd5 Qxd5
22.Rxd5 f6 23.Ra5 h5 24.g5 Kf7 25.Rxa6 Be7 26.Kd2 fxg5 27.c4 g4 28.Kd3 h4
29.Ke4 g3 30.h3 Rc8 31.Ra7 Rxc4+ 32.Kf5 Rc2 33.Bg5 g2 34.Bxe7 Kg8  0-1

[Event "RGSU GM"]
[Site "Moscow RUS"]
[Date "2006.11.11"]
[Round "6"]
[White "Tairova,E"]
[Black "Krapivin,A"]
[Result "1/2-1/2"]
[WhiteElo "2415"]
[BlackElo "2459"]

1.e4 c5 2.Nc3 Nc6 3.Nf3 e6 4.d4 cxd4 5.Nxd4 Nf6 6.Nxc6 bxc6 7.e5 Nd5 8.Ne4 Bb7
9.Be2 c5 10.O-O Qc7 11.c4 Ne3 12.Nd6+ Bxd6 13.exd6 Qc6 14.Bf3 Nxd1 15.Bxc6 Bxc6
16.Rxd1 Be4 17.Be3 Rc8 18.f3 Bg6 19.Rdc1 O-O 20.Rc3 Rc6 21.Rb3 Rfc8 22.Rb7 Rxd6
23.Bxc5 Rd2 24.Bxa7 h5 25.c5 Kh7 26.Rc1 e5 27.Re1 Re8 28.Bb8 e4 29.Bf4 Rc2
30.Be3 exf3 31.gxf3 Bf5 32.Rb5 g6 33.h4 Ra8 34.Bd4 Rc4 35.Rd1 Re8 36.Rd2 Be6
37.Rb7 Rg8 38.b3 Rc1+ 39.Kh2 Rf1 40.Rf2 Rd1 41.Bf6 Rd5 42.b4 Rf5 43.Be7 Re8
44.Bd6 Ra8 45.Kg3 Ra3 46.Bf4 Rc3 47.a4 Rc4 48.Bd2 Rd5 49.a5 Rd3 50.Bf4 Ra3
51.Rb8 f6 52.Re2 g5 53.Be3 gxh4+ 54.Kh2 Rcc3 55.c6 Rxc6 56.b5 Rcc3 57.a6 Bd5
58.a7 Rxe3 59.Rxe3 Rxe3 60.a8=Q Bxa8 61.Rxa8 Rxf3 62.Rd8 Rb3 63.Rxd7+ Kg6
64.Rb7 Kf5 65.b6 h3 66.Rb8 Kf4 67.b7 f5 68.Kh1 Rb2 69.Kg1 Rg2+ 70.Kh1 Rg7
71.Rh8 Rxb7 72.Rxh5 Kg4 73.Rh8 f4 74.Rg8+ Kf3 75.Ra8 Rb2 76.Rf8 Kg3 77.Rg8+ Kf2
78.Kh2 f3 79.Re8 Re2 80.Ra8 Ke3+ 81.Kxh3 Re1 82.Ra3+ Kf2 83.Kh2 Re3 84.Ra1 Re2
85.Kh3 Rd2 86.Kh2 Ke2 87.Kg3 f2 88.Kg2 Rb2  1/2-1/2

[Event "Festival Prefeitura"]
[Site "Sao Paulo BRA"]
[Date "2006.11.12"]
[Round "2"]
[White "Felgaer,R"]
[Black "Leitao,R"]
[Result "1-0"]
[WhiteElo "2591"]
[BlackElo "2601"]

1.e4 c5 2.Nf3 Nc6 3.d4 cxd4 4.Nxd4 e6 5.Nc3 a6 6.Be2 d6 7.O-O Nf6 8.Be3 Be7
9.a4 Bd7 10.Nb3 Na5 11.Nd2 O-O 12.f4 Bc6 13.Bd4 e5 14.fxe5 dxe5 15.Be3 Bb4
16.Bd3 Bxc3 17.bxc3 Nd7 18.Qg4 Qe7 19.Rf3 Nc5 20.Rg3 g6 21.Bh6 Rfc8 22.Rf1 Bd7
23.Qf3 Ne6 24.Qf2 Rxc3 25.Nf3 Nc6 26.Bd2 Ra3 27.Ng5 Rf8 28.Nxe6 Qxe6 29.Bh6 Nd4
30.Bxf8 Kxf8 31.Bc4 Qxc4 32.Rxa3 Be6 33.Rd3 Qxa4 34.c3 Nc6 35.Rd7 Qb3 36.Rc7 a5
37.Qc5+ Kg8 38.Rxc6 bxc6 39.Qxa5 Qb8 40.Qc5 Qb5 41.Qd6 Qb6+ 42.Kh1 Bc4 43.Ra1 Qb5
44.Qf6 Qb8 45.Qxc6  1-0

[Event "Nacional de Mestres"]
[Site "Barreiro POR"]
[Date "2006.11.14"]
[Round "1"]
[White "Damaso,R"]
[Black "Santos,An"]
[Result "1-0"]
[WhiteElo "2449"]
[BlackElo "2250"]

1.e4 c5 2.Nf3 e6 3.Nc3 Nc6 4.d4 cxd4 5.Nxd4 d6 6.Be3 Nf6 7.f3 Be7 8.Qd2 a6
9.O-O-O Qc7 10.g4 h6 11.h4 Ne5 12.Qg2 g6 13.g5 hxg5 14.hxg5 Rxh1 15.Qxh1 Nh5
16.Kb1 Bd7 17.f4 Nc4 18.Bc1 b5 19.f5 b4 20.fxe6 fxe6 21.e5 Rb8 22.Nd5 exd5
23.Qxd5 Na3+ 24.Ka1 Nxc2+ 25.Nxc2 Qxc2 26.Bd3 Qc5 27.Qg8+ Bf8 28.Bxg6+ Kd8
29.Qxf8+ Kc7 30.Qxd6+  1-0